Vértice 5: matemáticas, 3er ciclo E.P
Uloženo v:
| Hlavní autoři: | , , |
|---|---|
| Další autoři: | |
| Médium: | Kniha |
| Jazyk: | španělština |
| Vydáno: |
Madrid
Bruño
1994
|
| Témata: | |
| Tagy: |
Přidat tag
Žádné tagy, Buďte první, kdo vytvoří štítek k tomuto záznamu!
|
MARC
| LEADER | 00000nam a2200000 a 4500 | ||
|---|---|---|---|
| 001 | UCP4713 | ||
| 003 | CL-VaPUC | ||
| 008 | 990813e19940000SP |||||||||||||||||spa|d | ||
| 082 | 0 | 4 | |a 372.7 |b MIÑ |2 21 |
| 100 | |a Miñano Sánchez, Antonio |e autor |9 433506 | ||
| 700 | |a Martínez Soto, Angel Pascual |e autor |9 433505 | ||
| 700 | 0 | |a Ródenas Martínez, José Antonio |e author |9 432463 | |
| 700 | 0 | |a Zayas Ciruelos, José Antonio |e author |9 432464 | |
| 245 | 1 | 0 | |a Vértice 5: matemáticas, 3er ciclo E.P |
| 300 | |a 191 p | ||
| 942 | |c BK | ||
| 945 | |d 19990813 00:00:00 |a rbrito | ||
| 260 | |a Madrid |b Bruño |c 1994 | ||
| 500 | |a Incluye en forma separada 1 diskette | ||
| 650 | 0 | |a Educación básica |9 224933 | |
| 650 | 0 | |a Matemáticas |x Enseñanza |9 875527 | |
| 650 | 0 | |a Números |9 265328 | |
| 650 | 0 | |a Geometría |9 264063 | |
| 583 | |a last modification |c 19990813 00:00:00 |k Rodrigo Vera | ||
| 999 | |c 282614 |d 282612 | ||
| 952 | |0 0 |1 0 |4 0 |6 372_700000000000000_MIÑ_1994 |7 0 |8 A |9 324646 |a BIBEDU |b BIBEDU |d 2019-11-20 |i 3541193 |o 372.7 MIÑ 1994 |p 3541193 |r 2019-11-20 |w 2019-11-20 |y BK |k BME | ||